Konštrukčné zlepšenie a návrh výroby držiaka pneumatických valcov pomocou CAD/CAM systémov

Enregistré dans:
Détails bibliographiques
Auteur principal: Jahn, Matúš (Auteur)
Autres auteurs: Necpal, Martin (Directeur de thèse)
Format: Manuscrit Livre
Langue:slovaque
Publié: 2025
Sujets:
Accès en ligne:http://is.stuba.sk/zp/portal_zp.pl?podrobnosti=176963
Tags: Ajouter un tag
Pas de tags, Soyez le premier à ajouter un tag!

MARC

LEADER 00000ntm a22000003a 4500
001 stuzp103748
003 SK-STU
005 20250628210740.4
007 ta
008 150427s2015----xo-----f-mn---000-0-slo-d
040 |a STU  |b slo 
041 0 |a slo 
100 1 |a Jahn, Matúš  |u 063200  |4 aut  |U MTF Ústav výrobných technológií  |T MTF Katedra obrábania a počítačovej podpory technológií  |X 122012  |U M3200  |Y 164  |7 122012 
242 0 1 |a Design improvement and production design of pneumatic cylinder holder using CAD/CAM systems  |y eng 
245 1 0 |a Konštrukčné zlepšenie a návrh výroby držiaka pneumatických valcov pomocou CAD/CAM systémov 
260 |c 2025 
650 4 |a CAD/CAM  |2 slo 
650 4 |a technologický postup  |2 slo 
650 4 |a NC kód  |2 slo 
650 4 |a Mastercam  |2 slo 
650 4 |a CAD/CAM  |2 eng 
650 4 |a technological process  |2 eng 
650 4 |a NC code  |2 eng 
650 4 |a Mastercam  |2 eng 
700 1 |a Necpal, Martin  |u 063200  |k Z1  |4 ths  |U MTF Ústav výrobných technológií  |T MTF Katedra obrábania a počítačovej podpory technológií  |X 20985  |U M3200  |Y 164  |7 A000020985 
856 4 |u http://is.stuba.sk/zp/portal_zp.pl?podrobnosti=176963 
996 |c M* BP-9938  |l MMSKP  |s P  |a 0  |w stuzp103748_0001